00732nam a2200181 i 450000100060000000300090000600500170001500700030003200800410003510000500007624501350012626000420026130000220030370000540032585200320037999900170041195201220042894740ES-MaACL20230906181538.0t|050513s1963 sp ||||1| spa d1 aLuca de Tena, Juan Ignacio,d1897-197597451314aLas chicas del taller b: adaptación teatral en dos actos de una novela de Mercedes Ballesteros / cJuán Ignacio Luca de Tena. aMadrid : bPrensa Española, c1963. a197 p. ; c22 cm.1 aBallesteros Gaibrois, Mercedes,d1913-1995925057 aES-MaACLjC-23529 bR.52170 c94740d94740 00104070aATENEOMbATENEOMcDEPO2d2008-01-17eSCl0oC-23529p1098943r2023-02-23 00:00:00w2023-02-23yMONOGRAFIA